[Event "Glorney Cup"]
[Site "Stirling"]
[Date "2014.08.06"]
[Round "6.2"]
[White "Deary, Daniel"]
[Black "Cormican, John"]
[Result "1-0"]
[WhiteElo "1779"]
[BlackElo "1931"]
[PlyCount "43"]
[EventDate "2014.08.04"]
[EventType "team-tourn"]
[EventRounds "6"]
[EventCountry "SCO"]
[SourceTitle "CBM 162 Extra"]
[Source "ChessBase"]
[SourceDate "2014.10.17"]
[SourceVersion "1"]
[SourceVersionDate "2014.10.17"]
[SourceQuality "1"]
[WhiteTeam "Scotland"]
[BlackTeam "Ireland"]
[WhiteTeamCountry "SCO"]
[BlackTeamCountry "IRL"]

1. e4 c5 2. Nc3 g6 3. f4 e6 4. Bc4 Bg7 5. Nf3 Nc6 6. d3 a6 7. 0-0 Nh6 8. Qe1 0-0 9. f5 Nd4 10. f6 Qxf6 11. e5 Qe7 12. Nxd4 cxd4 13. Bxh6 Bxh6 14. Ne4 Bg7 15. Nf6+ Bxf6 16. exf6 Qc5 17. Qh4 Rd8 18. Rf3 b5 19. Rh3 h5 20. g4 Bb7 21. gxh5 Qc6 22. Rg3 1-0

[Event "Glorney Cup"]
[Site "Stirling"]
[Date "2014.08.06"]
[Round "5.2"]
[White "Deary, Daniel"]
[Black "Rodgers, Philippe"]
[Result "1/2-1/2"]
[WhiteElo "1779"]
[BlackElo "1740"]
[PlyCount "48"]
[EventDate "2014.08.04"]
[EventType "team-tourn"]
[EventRounds "6"]
[EventCountry "SCO"]
[SourceTitle "CBM 162 Extra"]
[Source "ChessBase"]
[SourceDate "2014.10.17"]
[SourceVersion "1"]
[SourceVersionDate "2014.10.17"]
[SourceQuality "1"]
[WhiteTeam "Scotland"]
[BlackTeam "Wales"]
[WhiteTeamCountry "SCO"]
[BlackTeamCountry "WLS"]

1. e4 Nf6 2. e5 Nd5 3. c4 Nb6 4. d4 d6 5. f4 dxe5 6. fxe5 c5 7. dxc5 Qxd1+ 8. Kxd1 Na4 9. Nf3 Bg4 10. Be2 Nc6 11. Ke1 Nxc5 12. Nbd2 g6 13. h3 Be6 14. Nb3 Nd7 15. Nbd4 Ndxe5 16. Nxe6 fxe6 17. Nxe5 Nxe5 18. Bf4 Bg7 19. Bxe5 Bxe5 20. Rb1 Bg3+ 21. Kd1 0-0 22. Bf3 Rac8 23. b3 Rfd8+ 24. Ke2 b5 1/2-1/2

[Event "Glorney Cup"]
[Site "Stirling"]
[Date "2014.08.04"]
[Round "1.2"]
[White "Rodgers, Philippe"]
[Black "Deary, Daniel"]
[Result "1-0"]
[WhiteElo "1740"]
[BlackElo "1779"]
[PlyCount "77"]
[EventDate "2014.08.04"]
[EventType "team-tourn"]
[EventRounds "6"]
[EventCountry "SCO"]
[SourceTitle "CBM 162 Extra"]
[Source "ChessBase"]
[SourceDate "2014.10.17"]
[SourceVersion "1"]
[SourceVersionDate "2014.10.17"]
[SourceQuality "1"]
[WhiteTeam "Wales"]
[BlackTeam "Scotland"]
[WhiteTeamCountry "WLS"]
[BlackTeamCountry "SCO"]

1. c4 e5 2. g3 Nc6 3. Bg2 g6 4. Nc3 Bg7 5. d3 Nf6 6. e4 d6 7. Nge2 Nd7 8. 0-0 Nc5 9. Be3 Ne6 10. Qd2 0-0 11. Rab1 a5 12. f4 exf4 13. gxf4 Ned4 14. Nb5 Nxe2+ 15. Qxe2 f5 16. Rbd1 Bd7 17. Qf2 Ne7 18. Bd4 Nc6 19. Bxg7 Kxg7 20. Nc3 Be6 21. b3 Rb8 22. d4 Ne7 23. d5 Bd7 24. Qd4+ Kg8 25. e5 b6 26. Rfe1 Be8 27. Rd2 Rf7 28. Rde2 Rg7 29. exd6 cxd6 30. Re6 Rb7 31. Qf6 Rd7 32. Nb5 Rf7 33. Qd4 Rg7 34. Qe3 Kf8 35. Nd4 Bf7 36. Kh1 Qe8 37. Rf6 Kg8 38. Nc6 Kf8 39. Qxb6 1-0

[Event "Dundee & Angus op"]
[Site "Dundee"]
[Date "2013.10.13"]
[Round "4"]
[White "Deary, Daniel"]
[Black "Bamber, Elaine"]
[Result "0-1"]
[WhiteElo "1706"]
[BlackElo "2064"]
[PlyCount "80"]
[EventDate "2013.10.11"]
[EventType "swiss"]
[EventRounds "5"]
[EventCountry "SCO"]
[SourceTitle "EXT 2017"]
[Source "ChessBase"]
[SourceDate "2016.10.25"]
[SourceVersion "1"]
[SourceVersionDate "2016.10.25"]
[SourceQuality "1"]

1. e4 e5 2. Nf3 Nc6 3. Bb5 a6 4. Ba4 Nf6 5. 0-0 b5 6. Bb3 Be7 7. Re1 0-0 8. h3 d6 9. c3 Na5 10. Bc2 Bb7 11. d4 exd4 12. cxd4 c5 13. d5 Nd7 14. Bf4 Nc4 15. Nbd2 Ncb6 16. Nf1 f5 17. exf5 Nxd5 18. Bg3 N7b6 19. Ne3 Nb4 20. Bb1 d5 21. a3 Nc6 22. Ba2 c4 23. Nd4 Nxd4 24. Qxd4 Bf6 25. Qd2 d4 26. Ng4 Qd5 27. f3 d3 28. Nxf6+ Rxf6 29. Qf2 Qxf5 30. Re5 Qd7 31. Qe3 Nd5 32. Qe1 Rg6 33. Kh2 Rf8 34. Rd1 Bc6 35. Ra1 Rf5 36. Rxf5 Qxf5 37. Qd2 Qg5 38. Qf2 Ne3 39. Re1 d2 40. Qxd2 Nf1+ 0-1

[Event "EU-ch U16 23rd"]
[Site "Budva"]
[Date "2013.10.06"]
[Round "7"]
[White "Deary, Daniel"]
[Black "Motovilnik, Jurij"]
[Result "0-1"]
[WhiteElo "1685"]
[BlackElo "1841"]
[PlyCount "102"]
[EventDate "2013.09.29"]
[EventType "swiss"]
[EventRounds "9"]
[EventCountry "MNE"]
[SourceTitle "CBM 156 Extra"]
[Source "ChessBase"]
[SourceDate "2013.10.22"]
[SourceVersion "1"]
[SourceVersionDate "2013.10.22"]
[SourceQuality "1"]

1. e4 c5 2. Nf3 d6 3. d4 cxd4 4. Nxd4 Nf6 5. Nc3 a6 6. Qf3 Nbd7 7. h3 e6 8. g4 Be7 9. g5 Ne5 10. Qe2 Nfd7 11. f4 Nc6 12. Nxc6 bxc6 13. h4 Qb6 14. b3 d5 15. Bb2 Qa5 16. 0-0-0 Nb6 17. exd5 cxd5 18. Bg2 Bd7 19. Rhe1 0-0 20. h5 Ba3 21. Qd3 Rfc8 22. Re3 Bxb2+ 23. Kxb2 Qb4 24. Kc1 Qxf4 25. g6 fxg6 26. hxg6 h6 27. Rf1 Qg5 28. Kb1 Qxg2 29. Rg3 Rxc3 30. Rxg2 Rxd3 31. cxd3 Bb5 32. Rg3 Rf8 33. Rxf8+ Kxf8 34. a4 Be8 35. a5 Nd7 36. d4 Nb8 37. b4 Ke7 38. Rc3 Kd7 39. Kb2 Nc6 40. b5 axb5 41. a6 Kc7 42. a7 Kb7 43. Rf3 Kxa7 44. Rf7+ Kb6 45. Rxg7 Nxd4 46. Rg8 Bxg6 47. Rxg6 Kc5 48. Rxh6 b4 49. Rh8 e5 50. Rc8+ Nc6 51. Kc2 e4 0-1

[Event "EU-ch U16 23rd"]
[Site "Budva"]
[Date "2013.10.03"]
[Round "5"]
[White "Deary, Daniel"]
[Black "Zirkelbach, Maj"]
[Result "1-0"]
[WhiteElo "1685"]
[BlackElo "1836"]
[PlyCount "37"]
[EventDate "2013.09.29"]
[EventType "swiss"]
[EventRounds "9"]
[EventCountry "MNE"]
[SourceTitle "CBM 156 Extra"]
[Source "ChessBase"]
[SourceDate "2013.10.22"]
[SourceVersion "1"]
[SourceVersionDate "2013.10.22"]
[SourceQuality "1"]

1. e4 c5 2. Nf3 Nc6 3. d4 cxd4 4. Nxd4 Nf6 5. Nc3 g6 6. Nxc6 bxc6 7. e5 Nd5 8. Nxd5 cxd5 9. Qxd5 Rb8 10. e6 Bg7 11. exf7+ Kf8 12. Bf4 d6 13. Bc4 Bb7 14. Qg5 h6 15. Qxg6 Qa5+ 16. c3 Bxc3+ 17. Kf1 Bg7 18. Bxd6 Qd8 19. Be5 1-0

[Event "EU-ch U16 23rd"]
[Site "Budva"]
[Date "2013.09.29"]
[Round "1"]
[White "Takacs, Laszlo"]
[Black "Deary, Daniel"]
[Result "1-0"]
[WhiteElo "2130"]
[BlackElo "1685"]
[PlyCount "43"]
[EventDate "2013.09.29"]
[EventType "swiss"]
[EventRounds "9"]
[EventCountry "MNE"]
[SourceTitle "CBM 156 Extra"]
[Source "ChessBase"]
[SourceDate "2013.10.22"]
[SourceVersion "1"]
[SourceVersionDate "2013.10.22"]
[SourceQuality "1"]

1. e4 c5 2. Nf3 d6 3. d4 Nf6 4. Nc3 cxd4 5. Nxd4 a6 6. Be2 e5 7. Nb3 Be7 8. 0-0 0-0 9. Kh1 Be6 10. f4 exf4 11. Bxf4 Nc6 12. Nd4 Nxd4 13. Qxd4 Qa5 14. Bxd6 Bxd6 15. Qxd6 Rac8 16. Qg3 Nd7 17. Bg4 Bxg4 18. Qxg4 Ne5 19. Qf5 Nc6 20. Nd5 Rce8 21. Rf3 Re5 22. Nf6+ 1-0

[Event "Glorney Cup"]
[Site "Cardiff"]
[Date "2013.07.22"]
[Round "2.7"]
[White "Kostanjsek, Luke"]
[Black "Deary, Daniel"]
[Result "1-0"]
[WhiteElo "1929"]
[BlackElo "1630"]
[PlyCount "59"]
[EventDate "2013.07.21"]
[EventType "team-tourn"]
[EventRounds "6"]
[EventCountry "ENG"]
[SourceTitle "CBM 155 Extra"]
[Source "ChessBase"]
[SourceDate "2013.08.26"]
[SourceVersion "1"]
[SourceVersionDate "2013.08.26"]
[SourceQuality "1"]
[WhiteTeam "Wales"]
[BlackTeam "Scotland"]
[WhiteTeamCountry "WLS"]
[BlackTeamCountry "SCO"]

1. d4 Nf6 2. c4 g6 3. Nc3 d5 4. cxd5 Nxd5 5. e4 Nxc3 6. bxc3 Bg7 7. Nf3 c5 8. Rb1 0-0 9. Be2 Nc6 10. d5 Ne5 11. Nxe5 Bxe5 12. Qd2 e6 13. f4 Bg7 14. c4 exd5 15. cxd5 a6 16. 0-0 Bd4+ 17. Kh1 f5 18. e5 Qxd5 19. Bf3 Qd8 20. Bb2 Rb8 21. Bxd4 Qxd4 22. Qc1 c4 23. Rd1 Qc5 24. Bd5+ Kg7 25. Qc3 b5 26. e6+ Rf6 27. Qe5 Qb6 28. Bxc4 Rb7 29. e7 Qc6 30. e8Q 1-0

[Event "Wch U16"]
[Site "Maribor"]
[Date "2012.11.17"]
[Round "10.58"]
[White "Deary, Daniel"]
[Black "Murchadha, Oissine"]
[Result "1/2-1/2"]
[WhiteElo "1602"]
[BlackElo "1875"]
[PlyCount "100"]
[EventDate "2012.11.08"]
[EventType "swiss"]
[EventRounds "11"]
[EventCountry "SLO"]
[SourceTitle "EXT 2013"]
[Source "ChessBase"]
[SourceDate "2012.11.22"]
[SourceVersion "1"]
[SourceVersionDate "2012.11.22"]
[SourceQuality "1"]

1. e4 c5 2. Nf3 d6 3. d4 cxd4 4. Nxd4 Nf6 5. Nc3 a6 6. Rg1 e5 7. Nb3 Be6 8. g4 d5 9. exd5 Nxd5 10. Nxd5 Qxd5 11. Be3 Nc6 12. Qxd5 Bxd5 13. 0-0-0 0-0-0 14. Bg2 Bxg2 15. Rxd8+ Nxd8 16. Rxg2 Ne6 17. Rg1 Be7 18. Re1 h5 19. h3 hxg4 20. hxg4 Rh4 21. f3 e4 22. Nd2 exf3 23. Nxf3 Rxg4 24. Ne5 Re4 25. Nxf7 Ng5 26. Nxg5 Bxg5 27. Kd2 Rxe3 28. Rxe3 Kd7 29. Kd3 Bxe3 30. Kxe3 Ke6 31. Ke4 g5 32. c4 Kd6 33. b4 g4 34. Kf4 g3 35. Kxg3 Ke5 36. b5 Kd4 37. bxa6 bxa6 38. c5 Kxc5 39. Kf3 Kd4 40. Ke2 Kc3 41. a4 a5 42. Kd1 Kb2 43. Kd2 Kb3 44. Kc1 Kxa4 45. Kb2 Kb4 46. Ka2 a4 47. Kb2 a3+ 48. Ka2 Ka4 49. Ka1 Kb3 50. Kb1 Kc4 1/2-1/2

[Event "Wch U16"]
[Site "Maribor"]
[Date "2012.11.16"]
[Round "9.55"]
[White "Chahrour, Ibrahim"]
[Black "Deary, Daniel"]
[Result "1-0"]
[WhiteElo "1959"]
[BlackElo "1602"]
[PlyCount "45"]
[EventDate "2012.11.08"]
[EventType "swiss"]
[EventRounds "11"]
[EventCountry "SLO"]
[SourceTitle "EXT 2013"]
[Source "ChessBase"]
[SourceDate "2012.11.22"]
[SourceVersion "1"]
[SourceVersionDate "2012.11.22"]
[SourceQuality "1"]

1. e4 c5 2. Nf3 d6 3. d4 cxd4 4. Nxd4 Nf6 5. Nc3 a6 6. Bg5 e6 7. f4 Qc7 8. Qf3 b5 9. Bxf6 gxf6 10. e5 Bb7 11. Qh5 dxe5 12. Nxe6 Qe7 13. Nxf8 Kxf8 14. Qh6+ Ke8 15. 0-0-0 Qe6 16. Qg7 Rf8 17. fxe5 fxe5 18. Be2 Qe7 19. Bg4 Ra7 20. Rhe1 f6 21. Bh5+ Rf7 22. Qg8+ Qf8 23. Bxf7+ 1-0

[Event "Wch U16"]
[Site "Maribor"]
[Date "2012.11.10"]
[Round "3.40"]
[White "Mikes, Jan"]
[Black "Deary, Daniel"]
[Result "1-0"]
[WhiteElo "2102"]
[BlackElo "1602"]
[PlyCount "77"]
[EventDate "2012.11.08"]
[EventType "swiss"]
[EventRounds "11"]
[EventCountry "SLO"]
[SourceTitle "EXT 2013"]
[Source "ChessBase"]
[SourceDate "2012.11.22"]
[SourceVersion "1"]
[SourceVersionDate "2012.11.22"]
[SourceQuality "1"]

1. e4 c5 2. Nf3 d6 3. d4 Nf6 4. Nc3 cxd4 5. Nxd4 a6 6. Be3 e5 7. Nb3 Be6 8. Be2 Nbd7 9. 0-0 b5 10. a3 Be7 11. Kh1 0-0 12. Qe1 Qc7 13. Rd1 Nc5 14. Nxc5 dxc5 15. f4 exf4 16. Bxf4 Qb6 17. e5 Ne8 18. Qg3 Rd8 19. Rxd8 Bxd8 20. Ne4 f6 21. Be3 Be7 22. Bh5 f5 23. Nd2 Kh8 24. Bg5 Qd8 25. Nf3 h6 26. Bxe7 Qxe7 27. Nh4 Qd7 28. Ng6+ Kg8 29. Nxf8 Kxf8 30. Rd1 Qe7 31. Bxe8 Kxe8 32. Rd6 Bc8 33. Qg6+ Kf8 34. e6 Kg8 35. Rc6 Bd7 36. Rxa6 Bc8 37. Ra8 Qd8 38. Rxc8 Qxc8 39. Qf7+ 1-0

[Event "Dundee & Angus op Challengers"]
[Site "Dundee"]
[Date "2012.10.13"]
[Round "3"]
[White "Deary, Daniel"]
[Black "Hargrave, Ian"]
[Result "1-0"]
[WhiteElo "1649"]
[BlackElo "1765"]
[PlyCount "55"]
[EventDate "2012.10.12"]
[EventType "swiss"]
[EventRounds "5"]
[EventCountry "SCO"]
[SourceTitle "EXT 2017"]
[Source "ChessBase"]
[SourceDate "2016.10.25"]
[SourceVersion "1"]
[SourceVersionDate "2016.10.25"]
[SourceQuality "1"]

1. e4 d5 2. exd5 Qxd5 3. Nc3 Qd8 4. d4 Nf6 5. Nf3 e6 6. Bc4 Be7 7. Bf4 0-0 8. 0-0 Nd5 9. Nxd5 exd5 10. Bd3 Nd7 11. Ne5 Nf6 12. Qf3 Bd6 13. h3 Bd7 14. Rfe1 Bc6 15. Bg5 h6 16. Bh4 g5 17. Bg3 Bxe5 18. Bxe5 Ne4 19. Qh5 f6 20. Qg6+ Kh8 21. Qxh6+ Kg8 22. Qg6+ Kh8 23. Bh2 Qe8 24. Qh6+ Kg8 25. f3 Qe6 26. Qg6+ Kh8 27. fxe4 dxe4 28. Bxe4 1-0

[Event "Dundee & Angus op Challengers"]
[Site "Dundee"]
[Date "2012.10.12"]
[Round "1"]
[White "Deary, Daniel"]
[Black "Parks, Joseph"]
[Result "1-0"]
[WhiteElo "1649"]
[BlackElo "1844"]
[PlyCount "57"]
[EventDate "2012.10.12"]
[EventType "swiss"]
[EventRounds "5"]
[EventCountry "SCO"]
[SourceTitle "EXT 2017"]
[Source "ChessBase"]
[SourceDate "2016.10.25"]
[SourceVersion "1"]
[SourceVersionDate "2016.10.25"]
[SourceQuality "1"]

1. e4 d6 2. d4 Nf6 3. Nc3 e5 4. Nf3 Nbd7 5. Bc4 Be7 6. Bxf7+ Kxf7 7. Ng5+ Kg8 8. Ne6 Qe8 9. Nxc7 Qd8 10. Nxa8 b5 11. dxe5 dxe5 12. Nd5 Nxe4 13. Nxe7+ Qxe7 14. Qd5+ Kf8 15. Qxe4 Nf6 16. Qe2 Bb7 17. 0-0 Bxa8 18. Qxb5 Kf7 19. Bg5 Qe6 20. Bxf6 gxf6 21. Rad1 Bc6 22. Qb3 Rg8 23. Qxe6+ Kxe6 24. f3 f5 25. Rd2 h5 26. Rfd1 Bb5 27. Rd6+ Ke7 28. R6d5 Bc6 29. Rxe5+ 1-0

[Event "SCO-ch 119th"]
[Site "Glasgow"]
[Date "2012.10.07"]
[Round "4"]
[White "Deary, Daniel"]
[Black "Smith, Stephen H"]
[Result "0-1"]
[WhiteElo "1602"]
[BlackElo "1805"]
[PlyCount "98"]
[EventDate "2012.07.07"]
[EventType "swiss"]
[EventRounds "9"]
[EventCountry "SCO"]
[SourceTitle "CBM 149 Extra"]
[Source "ChessBase"]
[SourceDate "2012.08.24"]
[SourceVersion "1"]
[SourceVersionDate "2012.08.24"]
[SourceQuality "1"]

1. e4 e6 2. d4 d5 3. Nc3 Bb4 4. e5 Ne7 5. a3 Bxc3+ 6. bxc3 c5 7. a4 Nbc6 8. Ba3 cxd4 9. cxd4 Qa5+ 10. Ke2 Nf5 11. Bb2 Qb4 12. Rb1 Ncxd4+ 13. Bxd4 Qxd4 14. Qxd4 Nxd4+ 15. Kd2 0-0 16. c3 Nc6 17. f4 b6 18. Bb5 Bb7 19. Nf3 Rfc8 20. Nd4 Nxd4 21. cxd4 Rc7 22. Rhc1 Rac8 23. Rxc7 Rxc7 24. Rc1 Rxc1 25. Kxc1 Kf8 26. Kd2 Ke7 27. Bd3 Bc6 28. Bc2 g6 29. Kc3 Kd7 30. h4 h5 31. Kb4 a5+ 32. Kb3 b5 33. axb5 Bxb5 34. Ka3 Kc6 35. Bd1 Kb6 36. g4 hxg4 37. Bxg4 Bd3 38. Kb3 Kb5 39. Kc3 Bf5 40. Be2+ Ka4 41. Ba6 Ka3 42. Bb5 Ka2 43. Ba4 Kb1 44. Bb3 Kc1 45. Ba4 Bg4 46. Be8 Bd1 47. Kd3 Bg4 48. Ke3 Kc2 49. Ba4+ Kc3 0-1

[Event "Prestwick Airport Minor"]
[Site "Prestwick"]
[Date "2011.05.14"]
[Round "2"]
[White "Deary, Daniel"]
[Black "White, Geoff"]
[Result "1/2-1/2"]
[WhiteElo "812"]
[BlackElo "1195"]
[PlyCount "102"]
[EventDate "2011.05.13"]
[EventType "swiss"]
[EventRounds "5"]
[EventCountry "SCO"]
[SourceTitle "EXT 2023"]
[Source "ChessBase"]
[SourceDate "2022.10.05"]
[SourceVersion "1"]
[SourceVersionDate "2022.10.05"]
[SourceQuality "1"]

1. e4 a6 2. d4 b5 3. a3 Bb7 4. Nc3 e6 5. Bf4 b4 6. axb4 Bxb4 7. f3 Bxc3+ 8. bxc3 Nf6 9. Bd3 0-0 10. Bg5 h6 11. Bh4 g5 12. Bg3 Nh5 13. Bf2 Nf4 14. g3 Nxd3+ 15. Qxd3 Qe7 16. g4 Qf6 17. h4 Qg6 18. hxg5 hxg5 19. Be3 d5 20. e5 Qxd3 21. cxd3 f6 22. exf6 Rxf6 23. Bxg5 Rg6 24. Bf4 Rg7 25. Be5 Rh7 26. Rxh7 Kxh7 27. Bxc7 Nd7 28. Be5 Bc6 29. Nh3 Bb5 30. Ng5+ Kg6 31. Nxe6 Nxe5 32. dxe5 Rc8 33. Nf4+ Kg5 34. Nxd5 Bxd3 35. Kf2 Rc5 36. Nb4 Bc4 37. Kg3 a5 38. f4+ Kg6 39. f5+ Kg5 40. Rh1 Rxe5 41. Rh5+ Kf6 42. g5+ Kg7 43. Kf4 Rb5 44. Rh4 axb4 45. cxb4 Bd3 46. f6+ Kf7 47. Ke3 Bg6 48. Rg4 Bh5 49. Rc4 Rxg5 50. Rc5 Rxc5 51. bxc5 Kxf6 1/2-1/2